[Event "xxx"]
[Site ""]
[Date "1998.08.01"]
[Round "8"]
[White "SANDHU, Mario"]
[Black "WOHLFAHRT, Herbert jun."]
[Result "1-0"]
[WhiteElo "2190"]
[BlackElo "2265"]
[PlyCount "127"]
[EventDate "1998.07.25"]

1. e4 c5 2. Nf3 d6 3. Nc3 Nf6 4. e5 dxe5 5. Nxe5 Nbd7 6. d4 e6 7. Bb5 a6 8.
Bxd7+ Bxd7 9. O-O Rc8 10. Bg5 Be7 11. Re1 Bc6 12. Bxf6 gxf6 13. Nxc6 bxc6 14.
dxc5 Qxd1 15. Raxd1 Bxc5 16. Ne4 Be7 17. Nd6+ Bxd6 18. Rxd6 Ke7 19. Red1 Rc7
20. b3 f5 21. f4 h5 22. R6d4 Rb8 23. a3 Rb5 24. Kf2 Ra5 25. a4 Rd5 26. c4 Rxd4
27. Rxd4 c5 28. Rd3 Rc8 29. a5 f6 30. Rg3 Kf7 31. Rd3 Ke7 32. Rg3 Kf7 33. Re3
Rd8 34. Rh3 Rg8 35. Kf3 Rb8 36. Ke2 Rg8 37. Kf3 Rb8 38. Ke2 e5 39. fxe5 fxe5
40. Rd3 Ke6 41. Rd5 Rc8 42. g3 h4 43. gxh4 f4 44. Kf3 Kf5 45. h5 Rh8 46. Rxc5
Rxh5 47. b4 Rh3+ 48. Kg2 Rc3 49. b5 Rc2+ 50. Kh3 Rc3+ 51. Kg2 Rc2+ 52. Kh3 axb5
53. a6 { } 53... b4 54. Ra5 b3 55. a7 b2 56. a8=Q b1=Q 57. Qc8+ Ke4 58. Qc6+
Ke3 59. Rxe5+ Kd4 60. Qe4+ Kc3 61. Qf3+ Kxc4 62. Qxf4+ Kc3 63. Re3+ Kb2 64.
Qb4+ 1-0

[Event "xxx"]
[Site ""]
[Date "1998.08.01"]
[Round "8"]
[White "LAKOS, Nikoletta"]
[Black "LENZ, Alarich"]
[Result "1-0"]
[WhiteElo "2385"]
[BlackElo "2230"]
[PlyCount "79"]
[EventDate "1998.07.25"]

1. e4 e6 2. d4 d5 3. Nd2 Nf6 4. e5 Nfd7 5. c3 c5 6. Bd3 Nc6 7. Ne2 cxd4 8. cxd4
Qb6 9. Nf3 f6 10. exf6 Nxf6 11. O-O Bd6 12. Bf4 Bxf4 13. Nxf4 O-O 14. b3 Kh8
15. Ng5 15... e5 { } 16. Nxh7 Nxh7 17. Qh5 e4 18. Ng6+ Kg8 19. Qxd5+ Rf7 20.
Bc4 Nd8 21. Qxe4 Be6 22. d5 Bf5 23. Ne7+ Rxe7 24. Qxe7 Qf6 25. d6+ Kh8 26. Rfe1
Rb8 27. Qe8+ Qf8 28. Bd5 Ne6 29. Qe7 Nf4 30. Bxb7 Nd3 31. Qxf8+ Nxf8 32. Re7
Nd7 33. Bf3 N7e5 34. Bh5 g6 35. Be2 Rd8 36. Rxa7 Rxd6 37. Rd1 Re6 38. Bxd3 Nxd3
39. Ra8+ Kg7 40. Ra7+ 1-0

[Event "xxx"]
[Site ""]
[Date "1998.08.01"]
[Round "8"]
[White "MITTELBERGER, Peter Dr."]
[Black "LENDWAI, Reinhard"]
[Result "1/2-1/2"]
[WhiteElo "2230"]
[BlackElo "2375"]
[PlyCount "53"]
[EventDate "1998.07.25"]

1. e4 e6 2. d4 c5 3. Nf3 cxd4 4. Nxd4 a6 5. Bd3 Qc7 6. O-O Nf6 7. Nc3 b5 8. a3
Bb7 9. Qe2 d6 10. Nb3 Nbd7 11. Bf4 Ne5 12. Rfd1 Be7 13. Bxe5 dxe5 14. a4 b4 15.
Nb1 O-O 16. N1d2 Nd7 17. Kh1 a5 18. Bb5 Nc5 19. Nxc5 Qxc5 20. Nc4 Rfd8 21.
Rxd8+ Bxd8 22. Rd1 Bc7 23. f3 Rd8 24. Rxd8+ Bxd8 25. Qd2 Bb6 26. Nxb6 Qxb6 27.
c3 {.} 1/2-1/2

[Event "xxx"]
[Site ""]
[Date "1998.08.01"]
[Round "8"]
[White "GAERTNER, Guntram"]
[Black "AMMANN, Philipp"]
[Result "1/2-1/2"]
[WhiteElo "2340"]
[BlackElo "2225"]
[PlyCount "21"]
[EventDate "1998.07.25"]

1. c4 Nf6 2. Nc3 c5 3. Nf3 Nc6 4. g3 g6 5. Bg2 Bg7 6. O-O O-O 7. d4 d6 8. d5
Na5 9. Qd3 a6 10. e4 Bd7 11. Bd2 {.} 1/2-1/2

[Event "xxx"]
[Site ""]
[Date "1998.08.01"]
[Round "8"]
[White "KARLUSCH, Albrecht"]
[Black "TITZ, Heimo Dr."]
[Result "0-1"]
[WhiteElo "2185"]
[BlackElo "2305"]
[PlyCount "58"]
[EventDate "1998.07.25"]

1. e4 c5 2. Nf3 Nc6 3. d4 cxd4 4. Nxd4 Nf6 5. Nc3 d6 6. Be2 e5 7. Nf3 h6 8. O-O
Be7 9. b3 O-O 10. Re1 Be6 11. Bb2 Qa5 12. Bf1 Rfd8 13. Qe2 Bg4 14. Qe3 Bxf3 15.
gxf3 Nd4 16. Bd3 Rac8 17. Ne2 Nxc2 18. Bxc2 Rxc2 19. Bc3 Qa6 20. a4 Rc8 21. b4
Rxe2 22. Rxe2 Rxc3 23. Qxc3 Qxe2 24. Qc8+ Bf8 25. Kg2 d5 26. exd5 Nxd5 27. Rc1
Nf4+ 28. Kg3 Nd3 29. Qc2 29... Nxc1 { } 0-1

[Event "xxx"]
[Site ""]
[Date "1998.08.01"]
[Round "8"]
[White "DEUTSCH, Ludwig"]
[Black "THOMA, Robert"]
[Result "1/2-1/2"]
[WhiteElo "2180"]
[BlackElo "2285"]
[PlyCount "28"]
[EventDate "1998.07.25"]

1. d4 d5 2. Nf3 Nf6 3. Nbd2 Bf5 4. e3 e6 5. c3 c6 6. Nh4 Bd6 7. Nxf5 exf5 8. g3
O-O 9. Bg2 Ne4 10. O-O Nd7 11. c4 Ndf6 12. cxd5 cxd5 13. Nb3 Nd7 14. Qd3 14...
g6 {.} 1/2-1/2

[Event "xxx"]
[Site ""]
[Date "1998.08.01"]
[Round "8"]
[White "SCHWAB, Rene"]
[Black "FROSCH, Ronald"]
[Result "1-0"]
[WhiteElo "2285"]
[BlackElo "2180"]
[PlyCount "95"]
[EventDate "1998.07.25"]

1. e4 e5 2. Nf3 Nc6 3. Bb5 g6 4. O-O Bg7 5. b3 Nge7 6. Bb2 d6 7. d4 O-O 8. dxe5
dxe5 9. Na3 Nd4 10. c3 Nxf3+ 11. Qxf3 c6 12. Rfd1 Qc7 13. Bf1 Be6 14. Qd3 Rad8
15. Qe3 b6 16. Bc4 Bc8 17. Nc2 Kh8 18. Rxd8 Qxd8 19. Be2 f5 20. Rd1 Qe8 21. Bf3
Qf7 22. Nb4 Qe6 23. Qd2 { } 23... g5 24. exf5 Qxf5 25. Nxc6 Nxc6 26. Bxc6 g4
27. c4 h5 28. Re1 Be6 29. Be4 Qf7 30. f3 gxf3 31. Bxf3 Bg4 32. Bxe5 Bxf3 33.
Qh6+ Kg8 34. Bxg7 Qxg7 35. Qxg7+ Kxg7 36. gxf3 Rxf3 37. Re7+ Kf6 38. Rxa7 Rc3
39. Rb7 Rc1+ 40. Kg2 Rc2+ 41. Kg3 Rxa2 42. Rxb6+ Kf5 43. Rb5+ Kg6 44. c5 h4+
45. Kh3 Rc2 46. b4 Kf6 47. Rb6+ Ke7 48. Rg6 1-0

[Event "xxx"]
[Site ""]
[Date "1998.08.01"]
[Round "8"]
[White "FUCHS, Georg"]
[Black "GRABHER, Heinz"]
[Result "1-0"]
[WhiteElo "2180"]
[BlackElo "2285"]
[PlyCount "89"]
[EventDate "1998.07.25"]

1. e4 c5 2. Nf3 e6 3. d4 cxd4 4. Nxd4 Nf6 5. Nc3 Nc6 6. Ndb5 d6 7. Bf4 e5 8.
Bg5 a6 9. Na3 b5 10. Nd5 Be7 11. Bxf6 Bxf6 12. c3 Ne7 13. Nc2 Be6 14. Nce3 Bg5
15. Be2 Bxe3 16. Nxe3 O-O 17. O-O Qb6 18. Qd3 Rfd8 19. Nd5 Bxd5 20. exd5 f5 21.
b3 Rdc8 22. c4 b4 23. a3 a5 24. Ra2 a4 25. Rfa1 e4 26. Qd1 { } 26... Ng6 27.
axb4 Qxb4 28. Rxa4 Rxa4 29. Rxa4 Qb6 30. b4 e3 31. g3 Re8 32. f3 f4 33. b5 Ne5
34. Kg2 g5 35. gxf4 gxf4 36. Ra6 Qd8 37. b6 Kh8 38. b7 Rg8+ 39. Kh1 Qc7 40. Ra7
Qb6 41. Qa1 Qc7 42. c5 dxc5 43. Ra8 Rb8 44. Rxb8+ Qxb8 45. d6 1-0

[Event "xxx"]
[Site ""]
[Date "1998.08.01"]
[Round "8"]
[White "EBNER, Hubert"]
[Black "KUPFNER, Franz"]
[Result "1-0"]
[WhiteElo "2275"]
[BlackElo "2160"]
[PlyCount "97"]
[EventDate "1998.07.25"]

1. d4 Nf6 2. c4 g6 3. Nc3 Bg7 4. e4 d6 5. Be2 O-O 6. Nf3 e5 7. O-O Nc6 8. Be3
Ng4 9. Bg5 f6 10. Bc1 h5 11. h3 Nh6 12. Be3 Nf7 13. dxe5 Nfxe5 14. c5 Nf7 15.
Qb3 Kh7 16. Rfd1 a6 17. Rac1 Bh6 18. Bxh6 Kxh6 19. Nd5 Kg7 20. cxd6 Nxd6 21.
Nd4 Nxd4 22. Rxd4 Be6 23. Qc3 Bxd5 24. Qxc7+ Kh6 25. Rxd5 25... Rc8 { } 26.
Qxc8 Nxc8 27. Rxd8 Rxd8 28. Rd1 Rxd1+ 29. Bxd1 Nd6 30. f3 Kg5 31. Kf2 Kf4 32.
g3+ Ke5 33. Bb3 Kd4 34. Ke2 g5 35. h4 g4 36. fxg4 Nxe4 37. gxh5 Nxg3+ 38. Kf3
Nxh5 39. Kg4 Ng7 40. h5 f5+ 41. Kg5 Nxh5 42. Kxh5 Ke3 43. a4 b5 44. axb5 axb5
45. Bd5 Kd4 46. Be6 f4 47. Kg4 Ke4 48. Bd7 Ke3 49. b3 1-0

[Event "xxx"]
[Site ""]
[Date "1998.08.01"]
[Round "8"]
[White "ZOEBISCH, Herbert"]
[Black "AMANN, Guenter"]
[Result "1/2-1/2"]
[WhiteElo "2235"]
[BlackElo "2260"]
[PlyCount "81"]
[EventDate "1998.07.25"]

1. d4 Nf6 2. c4 g6 3. Nc3 Bg7 4. e4 d6 5. f3 O-O 6. Be3 Nbd7 7. Qd2 c5 8. d5
Ne5 9. Bg5 a6 10. f4 Ned7 11. Nf3 b5 12. cxb5 Qa5 13. e5 dxe5 14. fxe5 Ng4 15.
Bxe7 Re8 16. d6 Ndxe5 17. Nxe5 Nxe5 18. Be2 c4 19. O-O axb5 20. Bf3 Nxf3+ 21.
Rxf3 Bb7 22. Rh3 b4 23. Nd1 Qd5 24. Qxd5 Bxd5 25. a3 Bd4+ 26. Kf1 Be4 27. Rc1
Bd5 28. axb4 Be6 29. Rh4 Bb6 30. Nc3 Bd8 31. Bxd8 Rexd8 32. Rd1 Rab8 33. b5 Bd7
34. Rxc4 Bxb5 35. Nxb5 Rxb5 36. b4 Kf8 37. Rd3 Rb6 38. Rcd4 Ke8 39. Re4+ Kf8
40. Red4 Ke8 41. Re3+ { } 1/2-1/2

[Event "xxx"]
[Site ""]
[Date "1998.08.01"]
[Round "8"]
[White "OLLE, Peter"]
[Black "WERNDL, Erich Mag."]
[Result "1-0"]
[WhiteElo "2160"]
[BlackElo "2105"]
[PlyCount "62"]
[EventDate "1998.07.25"]

1. e4 e5 2. Nf3 Nc6 3. c3 Nf6 4. d4 exd4 5. e5 Ne4 6. Qc2 d5 7. exd6 Bf5 8.
Nbd2 Bxd6 9. Nxe4 O-O 10. Nxd6 10... Qxd6 { } 11. Nxd4 Nxd4 12. cxd4 Qb4+ 13.
Qd2 Rfe8+ 14. Kd1 Qb6 15. b3 Rad8 16. Bb2 Re4 17. d5 Qc5 18. Bc4 b5 19. f3 Ree8
20. Bd4 Qe7 21. Bxb5 Rxd5 22. Bxe8 c5 23. Re1 Be6 24. Bb5 Rxd4 25. Bd3 Qf6 26.
Rc1 g6 27. Re4 Rd5 28. Re3 Bf5 29. Ke2 Qh4 30. Rh1 Kf8 31. Qc3 Qg5 1-0

[Event "xxx"]
[Site ""]
[Date "1998.08.01"]
[Round "8"]
[White "BALINOV, Ilia"]
[Black "STEINER, Peter Dr."]
[Result "1-0"]
[WhiteElo "2450"]
[BlackElo "2115"]
[PlyCount "131"]
[EventDate "1998.07.25"]

1. e4 c5 2. Nf3 Nc6 3. d4 cxd4 4. Nxd4 e5 5. Nb5 d6 6. c4 Be7 7. Bd3 Be6 8. O-O
a6 9. N5c3 Bg5 10. Nd2 Nge7 11. b3 Nd4 12. Bb2 Ng6 13. Ne2 Nxe2+ 14. Bxe2 O-O
15. Kh1 Kh8 16. Rc1 f5 17. Rc2 Nf4 18. Bf3 Qd7 19. exf5 Bxf5 20. Ne4 Be7 21.
Rd2 { } 21... Rad8 22. Bxe5 dxe5 23. Rxd7 Rxd7 24. Qa1 Rd4 25. Ng3 Bc8 26. Ne2
Nxe2 27. Bxe2 Rfd8 28. Qc3 b6 29. Qe3 Bf6 30. Bf3 Be6 31. h3 a5 32. Re1 h6 33.
Kh2 Bg5 34. Qe2 Bf6 35. Be4 Rd2 36. Qe3 R2d4 37. Re2 Kg8 38. g3 Kh8 39. Qf3 Kg8
40. Qh5 Kh8 41. Qg6 Bg8 42. h4 R4d6 43. Qf5 Rd4 44. Kh3 R4d6 45. g4 g6 46. Qxg6
Bg7 47. Qh5 Rf6 48. Qxe5 Rf3+ 49. Bxf3 Bxe5 50. Rxe5 Rd2 51. Re2 Rd3 52. Kg2 a4
53. bxa4 Bxc4 54. Rc2 Rd4 55. Kg3 Kg7 56. Bc6 Be6 57. f3 Rb4 58. Bb5 Bd5 59.
Rd2 Be6 60. a3 Rb3 61. Rd3 Rb2 62. Rd6 Bb3 63. Kf4 Rh2 64. Rxb6 Rxh4 65. a5 Rh1
66. Bc6 1-0

[Event "xxx"]
[Site ""]
[Date "1998.08.01"]
[Round "8"]
[White "NAIDITSCH, Arkadij"]
[Black "WAIS, Michael Mag."]
[Result "1-0"]
[WhiteElo "2390"]
[BlackElo "2085"]
[PlyCount "51"]
[EventDate "1998.07.25"]

1. e4 c5 2. Nf3 Nc6 3. Bb5 g6 4. Bxc6 dxc6 5. d3 Bg7 6. h3 Qc7 7. Nc3 Nf6 8.
Be3 b6 9. Qd2 O-O 10. Bh6 Rd8 11. O-O-O c4 12. e5 Ne8 13. d4 a5 14. h4 Bg4 15.
Bxg7 Nxg7 16. h5 gxh5 17. Ne4 Rf8 18. Qh6 f6 19. exf6 exf6 20. Nxf6+ Rxf6 21.
Qxf6 Rf8 22. Qe5 Qd7 23. Rhe1 c3 24. bxc3 Be6 25. d5 cxd5 26. Ng5 { } 1-0

[Event "xxx"]
[Site ""]
[Date "1998.08.01"]
[Round "8"]
[White "VODEP, Otto DI."]
[Black "KRUMPACNIK, Domen"]
[Result "0-1"]
[WhiteElo "2105"]
[BlackElo "2380"]
[PlyCount "112"]
[EventDate "1998.07.25"]

1. Nf3 Nf6 2. c4 e6 3. g3 d5 4. Bg2 c6 5. b3 Nbd7 6. Bb2 Bd6 7. d4 O-O 8. O-O
Qe7 9. Nc3 Rd8 10. Qc2 b6 11. e4 dxe4 12. Nxe4 Nxe4 13. Qxe4 Bb7 14. Rfe1 Ba3
15. Bxa3 Qxa3 16. Qc2 a5 17. Rad1 h6 18. Rd2 c5 19. Red1 Nf6 20. dxc5 Rxd2 21.
Qxd2 bxc5 22. Ne5 Bxg2 23. Kxg2 a4 24. Rb1 axb3 25. axb3 Rb8 26. Qd6 Qa8+ 27.
Kg1 Ne4 28. Qc6 Qxc6 29. Nxc6 Rb6 30. Ne5 Nd2 31. Rd1 { } 31... Rd6 32. Kg2 f6
33. Nf3 Nxc4 34. Rc1 Na5 35. Rxc5 Nxb3 36. Rc7 Rd5 37. h4 h5 38. Kf1 Kh7 39.
Ke2 Kg6 40. Ke3 Nc5 41. Nd2 Nd3 42. Nf3 e5 43. Ra7 Nc1 44. Rc7 Nd3 45. Ra7 Kf5
46. Rxg7 Nc1 47. Ne1 Rd1 48. Rc7 Rxe1+ 49. Kd2 Rf1 50. Rxc1 Rxc1 51. Kxc1 Kg4
52. Kd1 Kf3 53. Ke1 f5 54. Kf1 e4 55. Ke1 e3 56. fxe3 Kxe3 0-1

[Event "xxx"]
[Site ""]
[Date "1998.08.01"]
[Round "8"]
[White "SCHWANINGER, Ulrike Dr."]
[Black "NIELSEN, Max"]
[Result "1/2-1/2"]
[WhiteElo "2045"]
[BlackElo "2275"]
[PlyCount "84"]
[EventDate "1998.07.25"]

1. c4 Nf6 2. Nc3 g6 3. g3 Bg7 4. Bg2 O-O 5. d4 d6 6. e4 e5 7. Nge2 exd4 8. Nxd4
Nbd7 9. O-O a6 10. h3 Rb8 11. Be3 Re8 12. Qc2 c5 13. Nde2 b5 14. cxb5 axb5 15.
Rad1 b4 16. Nd5 Nxd5 17. Rxd5 Qf6 18. Rd2 Bb7 19. Rfd1 Bf8 20. Nf4 Qd8 21. Nd5
Bxd5 22. exd5 Qf6 23. Re2 Ra8 24. b3 h6 25. Rde1 Bg7 26. Bf4 Rxe2 27. Rxe2 g5
28. Bc1 Qc3 29. Qxc3 Bxc3 30. f4 Bf6 31. Kf1 Kg7 32. Be4 Nb6 33. fxg5 hxg5 34.
Kg2 Re8 35. Kf3 Nd7 36. Bb1 Ne5+ 37. Kg2 Ra8 38. g4 Nd7 39. Kf3 Nb6 40. Be4 Rh8
41. Kg2 Na8 42. Bd3 42... Nb6 { } 1/2-1/2

[Event "xxx"]
[Site ""]
[Date "1998.08.02"]
[Round "9"]
[White "LANKA, Zigurds"]
[Black "ZILBERMAN, Yaacov"]
[Result "1-0"]
[WhiteElo "2515"]
[BlackElo "2520"]
[PlyCount "127"]
[EventDate "1998.07.25"]

1. e4 Nf6 2. e5 Nd5 3. d4 d6 4. Nf3 Bg4 5. Be2 e6 6. h3 Bh5 7. O-O Be7 8. c4
Nb6 9. Nc3 O-O 10. exd6 cxd6 11. d5 e5 12. Ne1 Bg6 13. b3 N8d7 14. Be3 Bg5 15.
Qd2 Bxe3 16. Qxe3 a6 17. Nd3 Re8 18. Rae1 Rb8 19. Qg3 Nf6 20. Nb2 Nbd7 21. Kh1
Qa5 22. Qe3 Nc5 23. Ra1 b5 24. Rfc1 Qa3 25. Nbd1 bxc4 26. Bxc4 Nfd7 27. Qd2 Nb6
28. Ne3 Rec8 29. f3 Ra8 30. Bf1 Qb4 31. Nc4 Nxc4 32. Bxc4 h6 33. Kh2 a5 34. Qd1
Qb6 35. a4 Rab8 36. Nb5 Na6 37. Qd2 Nb4 38. Rc3 Rc5 39. Rd1 Re8 40. Re1 Rcc8
41. Rcc1 Re7 42. Rc3 Bf5 43. f4 f6 44. fxe5 fxe5 45. Rg3 Kh8 46. Rf1 Bh7 47.
Rgf3 Rd8 48. Qe1 Bg8 49. Qh4 Red7 50. Qe4 Qb8 51. Nc3 Qa8 52. Qg6 Bh7 53. Qg4
Bg8 54. R1f2 Re7 55. Qe4 Ree8 56. Rg3 56... Rf8 { } 57. Rxf8 Rxf8 58. Qg6 Qa7
59. Qxd6 Rf5 60. Qd8 Kh7 61. Ne4 Qd4 62. Qd7 Rf7 63. Qg4 Qb6 64. d6 1-0

[Event "xxx"]
[Site ""]
[Date "1998.08.02"]
[Round "9"]
[White "RUCK, Robert"]
[Black "WITTMANN, Walter Dr."]
[Result "0-1"]
[WhiteElo "2485"]
[BlackElo "2380"]
[PlyCount "92"]
[EventDate "1998.07.25"]

1. d4 Nf6 2. c4 g6 3. Nf3 Bg7 4. g3 d5 5. cxd5 Nxd5 6. Bg2 Nb6 7. O-O Nc6 8.
Nc3 O-O 9. d5 Na5 10. e4 c6 11. Bg5 h6 12. Bf4 cxd5 13. exd5 Nac4 14. Qe2 g5
15. Bc1 Bg4 16. h3 Bh5 17. Rd1 Rc8 18. g4 Bg6 19. Nd4 Nd6 20. a4 Nbc4 21. Ncb5
a6 22. Nxd6 exd6 23. Qf3 Re8 24. Nf5 Ne5 25. Qb3 Bxf5 26. gxf5 Qd7 27. Be4
27... Ng6 { } 28. Qd3 Nh4 29. f3 Qe7 30. Bd2 Qe5 31. Be1 Qf4 32. Bxh4 Qxh4 33.
Rd2 Rc5 34. Qf1 Rec8 35. Qe1 Qf4 36. Rad1 Be5 37. Qf2 Rc4 38. b3 Rc3 39. Rb1
Rxb3 40. Rdd1 Rcc3 41. Qa2 Ra3 42. Qd2 Re3 43. Rbc1 Rxe4 44. fxe4 Rg3+ 45. Kh2
Rxh3+ 46. Kxh3 46... Qg3# { } 0-1

[Event "xxx"]
[Site ""]
[Date "1998.08.02"]
[Round "9"]
[White "KOVACS, Gabor"]
[Black "KOUTSIN, Sergej"]
[Result "1/2-1/2"]
[WhiteElo "2340"]
[BlackElo "2415"]
[PlyCount "36"]
[EventDate "1998.07.25"]

1. d4 Nf6 2. Nf3 d5 3. Bg5 Ne4 4. Bh4 c6 5. c3 Qb6 6. Qb3 Bf5 7. Nbd2 Nd7 8. e3
e6 9. Nxe4 Bxe4 10. Be2 Bd6 11. Bg3 Be7 12. O-O O-O 13. Nd2 Bg6 14. Rfd1 Rfc8
15. c4 Qxb3 16. Nxb3 a5 17. Nd2 Nb6 18. a3 18... h6 {.} 1/2-1/2

[Event "xxx"]
[Site ""]
[Date "1998.08.02"]
[Round "9"]
[White "LAKOS, Nikoletta"]
[Black "SANDHU, Mario"]
[Result "1-0"]
[WhiteElo "2385"]
[BlackElo "2190"]
[PlyCount "85"]
[EventDate "1998.07.25"]

1. e4 c6 2. d4 d5 3. Nc3 dxe4 4. Nxe4 Bf5 5. Ng3 Bg6 6. h4 h6 7. h5 Bh7 8. Nf3
Nd7 9. Bd3 Bxd3 10. Qxd3 e6 11. Bf4 Qa5+ 12. c3 Ngf6 13. Ne5 Nd5 14. Bd2 Nxe5
15. dxe5 Nb6 16. Qe2 Qd5 17. O-O Qc4 18. b3 Qxe2 19. Nxe2 Bc5 20. c4 O-O-O 21.
Bc3 Rd3 22. Rfd1 Rhd8 23. Rxd3 Rxd3 24. Rc1 Ba3 25. Nf4 Rd8 26. Re1 Nd7 27. Rd1
Nc5 28. Rxd8+ Kxd8 29. Bd4 Ke7 30. Kf1 a5 31. Ke2 Nd7 32. Nd3 f6 33. exf6+ { }
33... gxf6 34. Be3 f5 35. Bxh6 Kf6 36. Bd2 e5 37. Bxa5 e4 38. Nf4 Kg5 39. Bc7
Bc1 40. Ne6+ Kxh5 41. g3 b5 42. cxb5 cxb5 43. Nd4 1-0

[Event "xxx"]
[Site ""]
[Date "1998.08.02"]
[Round "9"]
[White "DANNER, Georg"]
[Black "SCHWAB, Rene"]
[Result "1-0"]
[WhiteElo "2340"]
[BlackElo "2285"]
[PlyCount "105"]
[EventDate "1998.07.25"]

1. d4 Nf6 2. Nf3 b6 3. e3 Bb7 4. Bd3 e6 5. O-O c5 6. c4 d5 7. cxd5 Qxd5 8. Nc3
Qh5 9. Qa4+ Nbd7 10. Ne5 a6 11. Be2 Qh4 12. Nxd7 Nxd7 13. dxc5 Qxa4 14. Nxa4
Bxc5 15. Rd1 Ke7 16. Nxc5 Nxc5 17. b3 Rhd8 18. Ba3 Rxd1+ 19. Rxd1 Rd8 20. Rxd8
Kxd8 21. f3 Kc7 22. Kf2 Kc6 23. e4 a5 24. Ke3 f6 25. g3 Bc8 26. b4 axb4 27.
Bxb4 e5 28. a3 Be6 29. h4 g6 30. Bd1 Bc4 31. Bc2 Be6 32. f4 Bg4 33. Bb1 Bh3 34.
Kf3 Be6 35. f5 gxf5 36. exf5 Bb3 37. g4 Bd1+ 38. Kg3 Kd5 39. Ba2+ Kd6 40. Bxc5+
bxc5 41. g5 Bh5 42. a4 c4 43. a5 c3 44. Bb1 Kc5 45. Kf2 Bf7 46. Bd3 Kd4 47. Bc2
47... Bc4 { } 48. gxf6 Kc5 49. Ke3 Kd6 50. Bd3 Bd5 51. a6 Kd7 52. a7 Bc6 53.
Bb5 1-0

[Event "xxx"]
[Site ""]
[Date "1998.08.02"]
[Round "9"]
[White "ZIMMERMAN, Yuri"]
[Black "EBNER, Hubert"]
[Result "1/2-1/2"]
[WhiteElo "2340"]
[BlackElo "2275"]
[PlyCount "84"]
[EventDate "1998.07.25"]

1. d4 Nf6 2. c4 g6 3. Nc3 Bg7 4. e4 d6 5. f4 O-O 6. Nf3 Na6 7. Bd3 e5 8. fxe5
dxe5 9. d5 Nc5 10. Bc2 a5 11. O-O Ne8 12. Be3 b6 13. a3 Nd6 14. Qe2 f5 15. Nd2
Qh4 16. b4 axb4 17. axb4 Rxa1 18. Rxa1 Ncxe4 19. Ncxe4 fxe4 20. Bf2 Qe7 21. c5
bxc5 22. bxc5 Nf5 23. Bxe4 Nd4 24. Qc4 Kh8 25. Re1 Qf6 26. Bg3 Ba6 27. Qa4 Ne2+
28. Kh1 Nxg3+ 29. hxg3 Qf2 30. Nf3 { } 30... Rxf3 31. Bxf3 Qxe1+ 32. Kh2 h5 33.
Qxa6 e4 34. Qe2 Qxe2 35. Bxe2 Bd4 36. d6 cxd6 37. cxd6 Kg7 38. d7 Bb6 39. g4
Kf6 40. Kg3 e3 41. Kf4 hxg4 42. Bxg4 Ke7 1/2-1/2

[Event "xxx"]
[Site ""]
[Date "1998.08.02"]
[Round "9"]
[White "BRANDNER, Stefan"]
[Black "KREINDL, Helmut"]
[Result "1-0"]
[WhiteElo "2340"]
[BlackElo "2270"]
[PlyCount "87"]
[EventDate "1998.07.25"]

1. e4 d5 2. exd5 Nf6 3. d4 Nxd5 4. Nf3 Nc6 5. c4 Nb6 6. d5 Nb8 7. Nc3 e6 8. Qd4
c6 9. Bf4 cxd5 10. cxd5 exd5 11. Bxb8 Rxb8 12. Bb5+ Bd7 13. O-O f6 14. Rfe1+
Kf7 15. Bd3 Bc6 16. b4 Qd6 17. b5 Bd7 18. a4 Qb4 19. Nxd5 Qxd4 20. Nxd4 Nxd5
21. Bc4 g6 22. Bxd5+ Kg7 23. Ne6+ Bxe6 24. Rxe6 Bc5 25. Rc1 b6 26. Rc6 Rhd8 27.
Rc7+ Kh6 28. Bf3 Rbc8 29. Rxc8 Rxc8 30. Bc6 Rd8 31. Kf1 Rd2 32. a5 Rxf2+ 33.
Ke1 Rb2 34. a6 Bb4+ 35. Kf1 Rd2 36. Rc4 Be7 37. Re4 Bd8 38. Rc4 Be7 39. Bf3 Rd7
40. Rc8 Bd6 41. g3 {die Partie koennte mit 41. ... Tc7 42. Td8 Le5 43. Ta8 Kg5
44. Kg1 =  fortgesetzt werden  } 41... Rc7 42. Rd8 Be5 43. Ra8 Kg5 44. Kg1 1-0

[Event "xxx"]
[Site ""]
[Date "1998.08.02"]
[Round "9"]
[White "KUMMER, Helmut"]
[Black "OSTROWSKI, Andrzej"]
[Result "0-1"]
[WhiteElo "2315"]
[BlackElo "2245"]
[PlyCount "124"]
[EventDate "1998.07.25"]

1. d4 d5 2. c4 e6 3. Nc3 Nf6 4. Bg5 Be7 5. e3 h6 6. Bh4 O-O 7. Nf3 Ne4 8. Bxe7
Qxe7 9. cxd5 Nxc3 10. bxc3 exd5 11. Qb3 Rd8 12. c4 dxc4 13. Bxc4 Nc6 14. Be2 b6
15. O-O Bb7 16. Rfc1 Rac8 17. Qb2 Rd5 18. Rc3 Ra5 19. a3 Nd8 20. Rac1 Ne6 21.
Ne5 Rd8 22. Bc4 c5 23. dxc5 Rxc5 24. f4 Bd5 25. Bf1 Rdc8 26. Qb4 Qb7 27. Rxc5
Nxc5 28. Rd1 Be6 29. Be2 Qe4 30. Qd4 Qc2 31. Bf3 Qb3 32. Nc6 Re8 33. Nxa7 Qxa3
34. Nb5 Qb3 35. Nc7 Rc8 36. Nd5 Re8 37. e4 37... Bc8 { } 38. Ne7+ (38. Rf1 Bb7
39. e5 $11) 38... Rxe7 39. Qd8+ Kh7 40. Qxe7 Qe3+ 41. Kh1 Nd3 42. h3 Nf2+ 43.
Kh2 Qxf4+ 44. Kg1 Nxd1 45. Bxd1 Be6 46. Bh5 Qxe4 47. Bg4 Qd4+ 48. Kh2 Bxg4 49.
hxg4 Qxg4 50. Qxf7 Qh4+ 51. Kg1 Qe1+ 52. Kh2 Qb1 53. g4 b5 54. Qd5 b4 55. g5 h5
56. Qf7 Qg6 57. Qf3 Qc2+ 58. Kh1 Kg6 59. Qe3 b3 60. Qa7 Qc6+ 61. Kh2 b2 62. Qg1
Qc2+ 0-1

[Event "xxx"]
[Site ""]
[Date "1998.08.02"]
[Round "9"]
[White "TITZ, Heimo Dr."]
[Black "KUBA, Guenter"]
[Result "1-0"]
[WhiteElo "2305"]
[BlackElo "2235"]
[PlyCount "67"]
[EventDate "1998.07.25"]

1. c4 f5 2. Nf3 Nf6 3. g3 g6 4. Bg2 Bg7 5. O-O O-O 6. d4 d6 7. d5 Qe8 8. Nc3
Na6 9. Rb1 c6 10. Nd4 Bd7 11. b3 Rc8 12. Bb2 g5 13. e3 Nc5 14. b4 Na6 15. b5
cxb5 16. cxb5 Nc5 17. Ne6 Nxe6 18. dxe6 Bxe6 19. Bxb7 Rb8 20. Bc6 Bd7 21. Bxd7
Qxd7 22. Qb3+ Kh8 23. a4 f4 24. exf4 { } 24... Qh3 25. Nd5 Nxd5 26. Bxg7+ Kxg7
27. Qxd5 gxf4 28. Rb3 Rf5 29. Qe6 Kh8 30. Rc3 f3 31. Rxf3 Qxf1+ 32. Kxf1 Rxf3
33. Qxe7 Rbf8 34. Qxa7 1-0

[Event "xxx"]
[Site ""]
[Date "1998.08.02"]
[Round "9"]
[White "FUCHS, Georg"]
[Black "PINGITZER, Harald"]
[Result "1/2-1/2"]
[WhiteElo "2180"]
[BlackElo "2300"]
[PlyCount "25"]
[EventDate "1998.07.25"]

1. e4 c6 2. d4 d5 3. Nc3 g6 4. Nf3 Bg7 5. Be3 dxe4 6. Nxe4 Nd7 7. Bc4 Ngf6 8.
Ng3 Nd5 9. O-O O-O 10. Bb3 e6 11. Bg5 Qc7 12. c4 N5f6 13. Qd2 {.} 1/2-1/2

[Event "xxx"]
[Site ""]
[Date "1998.08.02"]
[Round "9"]
[White "OLLE, Peter"]
[Black "KLEISSL, Helmut"]
[Result "1/2-1/2"]
[WhiteElo "2160"]
[BlackElo "2300"]
[PlyCount "41"]
[EventDate "1998.07.25"]

1. e4 d6 2. d4 g6 3. c3 Nf6 4. Bd3 Bg7 5. h3 e5 6. d5 O-O 7. Nf3 Nbd7 8. Be3 c6
9. c4 Nh5 10. g3 Qe7 11. Nc3 a5 12. Nh4 Nc5 13. Bxc5 dxc5 14. Ng2 Bh6 15. Be2
Ng7 16. Na4 f5 17. d6 Qf7 18. O-O fxe4 19. Nb6 Bxh3 20. Nxa8 Rxa8 21. Qc2 { }
1/2-1/2

[Event "xxx"]
[Site ""]
[Date "1998.08.02"]
[Round "9"]
[White "HOLZER, Gerhard"]
[Black "NAIDITSCH, Arkadij"]
[Result "0-1"]
[WhiteElo "2255"]
[BlackElo "2390"]
[PlyCount "96"]
[EventDate "1998.07.25"]

1. e4 c5 2. Nf3 e6 3. Nc3 a6 4. d4 cxd4 5. Nxd4 b5 6. Be2 Bb7 7. Bf3 Qc7 8. O-O
d6 9. Re1 Nd7 10. g3 Ngf6 11. Bg2 Be7 12. a3 O-O 13. g4 g6 14. Re3 Rfd8 15. g5
Ne8 16. h4 Ng7 17. Rh3 Nb6 18. Nde2 Rac8 19. Nf4 e5 20. Nfd5 Nxd5 21. exd5 a5
22. Nxb5 Qxc2 23. Qxc2 Rxc2 24. Nc3 Bc8 25. Re3 Nf5 26. Be4 Nxe3 27. fxe3 Bf5
28. Bxc2 Bxc2 29. b4 e4 30. bxa5 f6 31. Ne2 Bb3 32. Nd4 Bxd5 33. Rb1 fxg5 34.
hxg5 Ra8 35. Bd2 Bd8 36. Rb5 Bc4 37. Rb7 Bxa5 38. Bxa5 Rxa5 39. Rb8+ Kf7 40.
Rb7+ Ke8 41. Rb8+ Kd7 42. Rb7+ Ke8 43. Rb8+ Kd7 44. Rb7+ Kc8 45. Rxh7 Rxa3 46.
Rg7 Rxe3 47. Rxg6 47... Kc7 { } 48. Rxd6 Re1+ 0-1